MESTSKÁ KNIŽNICA GIRALTOVCE  - online katalóg 

Bud pokojná, mama! (Record no. 22424)

000 -NÁVESTIE
fixed length control field 00365nam a2200157 4500
008 - ÚDAJE S PEVNOU DĹŽKOU – VŠEOBECNÉ INFORMÁCIE
fixed length control field 190521s1994||||xo d
020 ## - MEDZINÁRODNÉ ŠTANDARDNÉ ČÍSLO KNIHY (ISBN)
Údaje o dostupnosti 0
Medzinárodné štandardné číslo knihy (ISBN) 8088179089
041 1# - KÓD JAZYKA
Kód jazyka textu/zvukovej stopy alebo samostatných nápisov slo
044 ## - KÓD KRAJINY VYDAVATEĽA/PRODUCENTA
Kód krajiny MARC xo
Kód krajiny ISO SK
100 1# - OSOBNÉ MENÁ – VŠEOBECNÉ INFORMÁCIE
Osobné meno Muhlan Claudia
-- 1126
245 10 - NÁZOV
Názov Bud pokojná, mama!
260 ## - VYDAVATEĽSKÉ ÚDAJE, DISTRIBÚCIA ATĎ.
Názov vydavateľa, distibútora atď. Advent Orion
Miesto publikovania, distribúcie atď. Martin
Dátum publikovania, distribúcie atď. 1994
250 ## - ÚDAJ O PORADÍ VYDANIA
Údaj o poradí vydania 1.vydanie
300 ## - FYZICKÝ POPIS
Rozsah 146s.
958 ## - Formálny deskriptor
Formálny deskriptor AUL
Holdings
Stav stiahnutia (Blokovanie) (Withrawn status) Stav straty Stav poškodenia (Damaged status) Nie pre výpožičky (Not for loan) Spôsob nadobudnutia (Collection code) Trvalé umiestnenie Aktuálne umiestnenie Dátum nadobudnutia Inventárne číslo (prírastkové číslo) Full call number Dátum posledného výskytu Cena s účinnosťou od Typ jednotky Koha
        Dar Mestská knižnica Giraltovce Mestská knižnica Giraltovce 2019-05-10 20756 S1414 2019-12-12 2019-12-12 Odborná literatúra pre dospelých

Powered by Koha